00523nam a22001457a 450000500170000000800410001702000150005804100250007308200140009810000150011224501870012726000090031430000290032365000250035220240122124136.0231110b |||||||| |||| 00| 0 eng d a0621113581 aAfrikaans / English  a346.1 SOU lAfrikaans  aSuid-Afrikaanse Regskommissie : bVerslag oor die ondersoek na die moontlikheid om voorsiening te maak dat 'n geskiede vrou in die pensioenvoordele van haar voormalige gade kan deel  c1986 bxi, 78 pages ; c26 cm.  aLegal practice bLaw